Organisational learning and its effectiveness / (Record no. 104887)

MARC details
000 -LEADER
fixed length control field 00690nam a22002177a 4500
005 - DATE AND TIME OF LATEST TRANSACTION
control field 20161130170302.0
010 ## - LCCN (DPL NO)
LC control number ENG-116718
020 ## - INTERNATIONAL STANDARD BOOK NUMBER
International Standard Book Number 9788184845433
Terms of availability 880.00
035 ## - SYSTEM CONTROL NUMBER
System control number EN-100250
037 ## - SOURCE OF ACQUISITION
Source of stock number/acquisition DBAD/PUB
082 ## - DEWEY DECIMAL CLASSIFICATION NUMBER
Classification number 658.3124
100 ## - MAIN ENTRY--PERSONAL NAME
Personal name Mohammad Ashraf Ali
245 ## - TITLE STATEMENT
Title Organisational learning and its effectiveness /
Statement of responsibility, etc edited by Mohammad Ashraf Ali [and] Sarfaraz Javed
260 ## - PUBLICATION, DISTRIBUTION, ETC. (IMPRINT)
Place of publication, distribution, etc New Delhi
Name of publisher, distributor, etc Regal Publications
Date of publication, distribution, etc 2016
270 ## - ADDRESS
Address F-159, Rajouri Garden
City New Delhi
Postal code 110027
300 ## - PHYSICAL DESCRIPTION
Extent xii,207p.:
Dimensions 23cm(Hb)
Other physical details ill
500 ## - GENERAL NOTE
General note Includes index
700 ## - ADDED ENTRY--PERSONAL NAME
Personal name Mohammad Ashraf Ali
700 ## - ADDED ENTRY--PERSONAL NAME
Personal name Sarfaraz Javed
942 ## - ADDED ENTRY ELEMENTS (KOHA)
Source of classification or shelving scheme Dewey Decimal Classification
Item type English Books
Classification part 658.3124
Call number suffix ORG
Holdings
Withdrawn status Lost status Not for loan Collection code Home library Current library Date acquired Source of acquisition Cost, normal purchase price Full call number Barcode Copy number Cost, replacement price Koha item type
    Not For Loan Non-fiction D.B.Act.Division Bawana 30/11/2016 DBAD/PUB 880.00 658.3124 ORG EN-100250 1 880.00 English Books

© Delhi Public Library
Hit Counter
free hit counter